| 000 | 01437cam a22003375a 4500 | ||
|---|---|---|---|
| 003 | EG-ScBUE | ||
| 005 | 20220523095955.0 | ||
| 008 | 090709r19951994enka f 000 0 eng d | ||
| 020 | _a0521447984 (student's book 1) | ||
| 020 | _a9780521447980 (student's book 1) | ||
| 040 |
_aEG-ScBUE _beng _erda _cEG-ScBUE _dEG-ScBUE |
||
| 082 | 0 | 4 |
_a428.24 _bRIC _222 |
| 100 | 1 |
_aRichards, Jack C., _d1943- _eauthor. _97619 |
|
| 245 | 1 | 0 |
_aChanges : _bEnglish for international communication. _n1, _pStudent's book / _cJack C. Richards with Jonathan Hull and Susan Proctor. |
| 246 | 3 | 0 | _aStudent's book |
| 250 | _aReprinted edition. | ||
| 264 | 1 |
_aCambridge : _bCambridge University Press, _c1995. |
|
| 300 |
_a144 pages : _bcolor illustrations ; _c30 cm |
||
| 336 |
_2rdacontent _atext _btxt |
||
| 337 |
_2rdamedia _aunmediated _bn |
||
| 338 |
_2rdacarrier _avolume _bnc |
||
| 520 | _aChanges is a three-level general English course for adult and young adult learners. Changes ensures that students have every opportunity to develop confident communicative ability as well as accuracy in English. | ||
| 650 | 7 |
_aEnglish language _xStudy and teaching _xForeign speakers. _2BUEsh |
|
| 650 | 7 |
_aCommunication, International. _2BUEsh |
|
| 651 | _2BUEsh | ||
| 653 |
_bHHUUEENN _cOctober2018 |
||
| 655 |
_vReading book _934232 |
||
| 700 | 1 |
_aHull, Jonathan, _d1949- _eauthor. _97623 |
|
| 700 | 1 |
_aProctor, Susan, _d1945- _eauthor. _97624 |
|
| 942 |
_2ddc _cBB |
||
| 999 |
_c12321 _d12321 |
||